Religion Quiz

Random Religion or Bible Quiz
Score 0/30 Timer 05:00
1 Play Today
Question Answer % Correct
Mother's nameMary
99.5%
(Human) Father's nameJoseph
97%
Jesus turns water into this liquidWine
91.6%
Birth now celebrated on this dayDecember 25th
91.4%
Selects this many to be apostlesTwelve
90.7%
City of birthBethlehem
90.4%
In Gospel of Matthew, these men bring 3 giftsMagi
89%
Jesus is baptized by this manJohn
87.5%
Feeds 5,000 with 5 loaves and 2 of theseFish
86.9%
Angel who visits Jesus' motherGabriel
86%
Jesus' pre-theology occupationCarpenter
85.3%
Is betrayed by this discipleJudas Iscariot
84.3%
Is resurrected on this church holidayEaster
83.3%
Conducts this final meal with disciplesLast Supper
82.6%
City in which his parents residedNazareth
73.3%
Question Answer % Correct
As a child, found studying in this buildingTemple
72%
Raises this brother of Martha from the deadLazarus
70.2%
The baptism occurs in this riverJordan
67.7%
Frequently uses this illustrative story formParable
67%
Met in Jerusalem with branches of this treePalm tree
65.5%
Client king of Judea at his birthHerod the Great
64.5%
Judged by this Roman Prefect of JudeaPontius Pilate
63.3%
In Gospel of Luke, these men visit infant JesusShepherds
55.5%
At Galilee beckons these fishing brothersPeter & Andrew
53.8%
Feeds 4,000 with 7 of theseLoaves
52.2%
Drinks vinegar and is crucified hereCalvary/Golgotha
48.3%
Prays with disciples in this gardenGethsemane
48.2%
On the Mount gives these 8 blessingsBeatitudes
46.3%
This man is then releasedBarabbas
40.7%
Overturns their tables in Jerusalem's templeMoney changers
39.8%
Remove Ads.
Support Sporcle.
Get the best of Sporcle when you Go Orange. This ad-free experience offers more features, more stats, and more fun while also helping to support Sporcle. Thank you for becoming a member.

You're not logged in!

Compare scores with friends on all Sporcle quizzes.
OR
Log In

Show Comments

Extras

Top Quizzes Today


Score Distribution

Your Account Isn't Verified!

In order to create a playlist on Sporcle, you need to verify the email address you used during registration. Go to your Sporcle Settings to finish the process.

Report this User

Report this user for behavior that violates our Community Guidelines.

Details: